Effect of winged bean leaves supplementation in cp concentrate on growth rate of broiler chicken at royal university of agriculture, ឥទ្ធិពលនៃការបន្ថែមស្លឹកពពាយលើចំណីផ្សំរបស់ក្រុមហ៊ុន CP ទៅលើការលូតលាស់របស់មាន់សាច់ នៅស្ថានីយ៏ពិសោធន៏សត្វនៃសាកលវិទ្យាល័យភូមិន្ទកសិកម្ម (Record no. 2309)

000 -LEADER
fixed length control field 00883nam a22001577a 4500
003 - CONTROL NUMBER IDENTIFIER
control field OSt
005 - DATE AND TIME OF LATEST TRANSACTION
control field 20151009130752.0
008 - FIXED-LENGTH DATA ELEMENTS--GENERAL INFORMATION
fixed length control field 151009b xxu||||| |||| 00| 0 eng d
040 ## - CATALOGING SOURCE
Transcribing agency RUA
082 ## - DEWEY DECIMAL CLASSIFICATION NUMBER
Classification number AVM KEO 2009 B086 Or.1
100 ## - MAIN ENTRY--PERSONAL NAME
9 (RLIN) 2454
Personal name KEO, LEOPOLDINE.
245 ## - TITLE STATEMENT
Title Effect of winged bean leaves supplementation in cp concentrate on growth rate of broiler chicken at royal university of agriculture, ឥទ្ធិពលនៃការបន្ថែមស្លឹកពពាយលើចំណីផ្សំរបស់ក្រុមហ៊ុន CP ទៅលើការលូតលាស់របស់មាន់សាច់ នៅស្ថានីយ៏ពិសោធន៏សត្វនៃសាកលវិទ្យាល័យភូមិន្ទកសិកម្ម
260 ## - PUBLICATION, DISTRIBUTION, ETC. (IMPRINT)
Place of publication, distribution, etc. Phnom Penh
Name of publisher, distributor, etc. RUA
Date of publication, distribution, etc. 2009
300 ## - PHYSICAL DESCRIPTION
Extent xi; 43p.
Other physical details ill.
Dimensions 29cm.
942 ## - ADDED ENTRY ELEMENTS (KOHA)
Source of classification or shelving scheme
Koha item type AVM
Holdings
Price effective from Date last seen Permanent Location Not for loan Date acquired Source of classification or shelving scheme Koha item type Lost status Withdrawn status Total Renewals Date last checked out Total Checkouts Shelving location Damaged status Barcode Current Location Full call number
2015-10-092016-08-07Library Block B 2015-10-09 AVM  22016-07-223B086 RUA017996Library Block BAVM KEO 2009 B086 Or.1
2015-10-092015-10-09Library Block B 2015-10-09 AVM     B086 RUA009441Library Block BAVM KEO 2009 B086 Or.2
2015-10-092019-05-24Library Block B 2015-10-09 AVM   2019-05-212B086 RUA006126Library Block BAVM KEO 2009 B086 Or.3
2015-10-092015-10-09Library Block B 2015-10-09 AVM     B086 RUA007861Library Block BAVM KEO 2009 B086 Or.4
2015-10-092015-10-09Library Block B 2015-10-09 AVM     B086 RUA009225Library Block BAVM KEO 2009 B086 Or.5
2015-10-092015-10-09Library Block B 2015-10-09 AVM     B086 RUA009015Library Block BAVM KEO 2009 B086 Or.6
2015-10-092015-10-09Library Block B 2015-10-09 AVM     B086 RUA009153Library Block BAVM KEO 2009 B086 Or.7
2015-10-092015-10-09Library Block B 2015-10-09 AVM     B086 RUA020063Library Block BAVM KEO 2009 B086 Or.8
2015-10-092015-10-09Library Block B 2015-10-09 AVM     B086 RUA009152Library Block BAVM KEO 2009 B086 Or.9
2015-10-092017-10-06Library Block B 2015-10-09 AVM   2017-09-261B086 RUA009016Library Block BAVM KEO 2009 B086 Or.10
2019-05-282019-05-28Library Block B 2019-05-28 AVM     B1.234 A37638Library Block BAVM KEO 2009 B1.234 Or.1
2019-05-282019-05-28Library Block B 2019-05-28 AVM     B1.234 A38136Library Block BAVM KEO 2009 B1.234 Or.2
មជ្ឈមណ្ឌលឯការនៃសាកលវិទ្យាល័យភូមិន្ទកសិកម្មចំការដូង

Powered by Koha